<?xml version="1.0" encoding="UTF-8"?>
<record
    xmlns:xsi="http://www.w3.org/2001/XMLSchema-instance"
    xsi:schemaLocation="http://www.loc.gov/MARC21/slim http://www.loc.gov/standards/marcxml/schema/MARC21slim.xsd"
    xmlns="http://www.loc.gov/MARC21/slim">

  <leader>00349nam a2200145Ia 4500</leader>
  <controlfield tag="008">191201s2011    xx            000 0 und d</controlfield>
  <datafield tag="082" ind1=" " ind2=" ">
    <subfield code="a">658.069</subfield>
    <subfield code="b">SAE</subfield>
  </datafield>
  <datafield tag="100" ind1=" " ind2=" ">
    <subfield code="a">SANJEEV, Rinku</subfield>
  </datafield>
  <datafield tag="245" ind1=" " ind2="0">
    <subfield code="a">Ethics and Values in Business Management</subfield>
  </datafield>
  <datafield tag="250" ind1=" " ind2=" ">
    <subfield code="a">Rep</subfield>
  </datafield>
  <datafield tag="260" ind1=" " ind2=" ">
    <subfield code="a">N. Delhi</subfield>
    <subfield code="b">Ane Books</subfield>
    <subfield code="c">2011</subfield>
  </datafield>
  <datafield tag="300" ind1=" " ind2=" ">
    <subfield code="a">257</subfield>
  </datafield>
  <datafield tag="650" ind1=" " ind2=" ">
    <subfield code="a">BBA</subfield>
  </datafield>
  <datafield tag="942" ind1=" " ind2=" ">
    <subfield code="2">ddc</subfield>
    <subfield code="c">BK</subfield>
  </datafield>
  <datafield tag="999" ind1=" " ind2=" ">
    <subfield code="c">4945</subfield>
    <subfield code="d">4945</subfield>
  </datafield>
  <datafield tag="952" ind1=" " ind2=" ">
    <subfield code="0">0</subfield>
    <subfield code="1">0</subfield>
    <subfield code="2">ddc</subfield>
    <subfield code="4">0</subfield>
    <subfield code="7">0</subfield>
    <subfield code="8">BBA</subfield>
    <subfield code="a">PIET</subfield>
    <subfield code="b">PIET</subfield>
    <subfield code="d">2011-07-30</subfield>
    <subfield code="e">The book company</subfield>
    <subfield code="g">225.00</subfield>
    <subfield code="k">IN-859</subfield>
    <subfield code="l">1</subfield>
    <subfield code="o">174.4 SAE</subfield>
    <subfield code="p">17981</subfield>
    <subfield code="r">2025-09-29 00:00:00</subfield>
    <subfield code="s">2025-09-26</subfield>
    <subfield code="w">2011-07-27</subfield>
    <subfield code="y">BK</subfield>
  </datafield>
  <datafield tag="952" ind1=" " ind2=" ">
    <subfield code="0">0</subfield>
    <subfield code="1">0</subfield>
    <subfield code="2">ddc</subfield>
    <subfield code="4">0</subfield>
    <subfield code="7">0</subfield>
    <subfield code="8">BBA</subfield>
    <subfield code="a">PIET</subfield>
    <subfield code="b">PIET</subfield>
    <subfield code="d">2011-07-30</subfield>
    <subfield code="e">The book company</subfield>
    <subfield code="g">225.00</subfield>
    <subfield code="k">IN-859</subfield>
    <subfield code="l">1</subfield>
    <subfield code="o">174.4 SAE</subfield>
    <subfield code="p">17982</subfield>
    <subfield code="q">2022-07-21</subfield>
    <subfield code="r">2022-01-22 00:00:00</subfield>
    <subfield code="s">2022-01-22</subfield>
    <subfield code="w">2011-07-27</subfield>
    <subfield code="y">BK</subfield>
    <subfield code="z">.</subfield>
  </datafield>
  <datafield tag="952" ind1=" " ind2=" ">
    <subfield code="0">0</subfield>
    <subfield code="1">0</subfield>
    <subfield code="2">ddc</subfield>
    <subfield code="4">0</subfield>
    <subfield code="7">0</subfield>
    <subfield code="8">BBA</subfield>
    <subfield code="a">PIET</subfield>
    <subfield code="b">PIET</subfield>
    <subfield code="d">2011-07-30</subfield>
    <subfield code="e">The book company</subfield>
    <subfield code="g">295.00</subfield>
    <subfield code="k">IN-859</subfield>
    <subfield code="l">1</subfield>
    <subfield code="o">174.4 SAE</subfield>
    <subfield code="p">17983</subfield>
    <subfield code="r">2025-12-08 00:00:00</subfield>
    <subfield code="s">2025-12-03</subfield>
    <subfield code="w">2011-07-27</subfield>
    <subfield code="y">BK</subfield>
  </datafield>
  <datafield tag="952" ind1=" " ind2=" ">
    <subfield code="0">0</subfield>
    <subfield code="1">0</subfield>
    <subfield code="2">ddc</subfield>
    <subfield code="4">0</subfield>
    <subfield code="7">0</subfield>
    <subfield code="8">BBA</subfield>
    <subfield code="a">PIET</subfield>
    <subfield code="b">PIET</subfield>
    <subfield code="d">2011-07-30</subfield>
    <subfield code="e">The book company</subfield>
    <subfield code="g">225.00</subfield>
    <subfield code="k">IN-859</subfield>
    <subfield code="l">0</subfield>
    <subfield code="o">174.4 SAE</subfield>
    <subfield code="p">17984</subfield>
    <subfield code="r">2019-12-04 00:00:00</subfield>
    <subfield code="w">2011-07-27</subfield>
    <subfield code="y">BK</subfield>
  </datafield>
  <datafield tag="952" ind1=" " ind2=" ">
    <subfield code="0">0</subfield>
    <subfield code="1">0</subfield>
    <subfield code="2">ddc</subfield>
    <subfield code="4">0</subfield>
    <subfield code="7">0</subfield>
    <subfield code="8">BBA</subfield>
    <subfield code="a">PIET</subfield>
    <subfield code="b">PIET</subfield>
    <subfield code="d">2011-07-30</subfield>
    <subfield code="e">The book company</subfield>
    <subfield code="g">225.00</subfield>
    <subfield code="k">IN-859</subfield>
    <subfield code="l">0</subfield>
    <subfield code="o">174.4 SAE</subfield>
    <subfield code="p">17985</subfield>
    <subfield code="r">2019-12-04 00:00:00</subfield>
    <subfield code="w">2011-07-27</subfield>
    <subfield code="y">BK</subfield>
  </datafield>
</record>
